Quizzes
Events
Quiz Creation
Community
Videos
Private Events
Remove Ads
Sign In
Join for FREE
Feedback
Dark Mode
Quiz Categories
Sports
Geography
Music
Movies
Television
Just For Fun
Miscellaneous
History
Literature
Language
Science
Gaming
Entertainment
Religion
Holiday
For Kids
Quiz Lab
Recent
Popular Today
Quiz Kudos Today
Editor Picks
Curator Picks
Quizzes by...
Day
Popularity
Type
Ratings
Length
Year
Community
Subscriptions
Recent Discussions
Orange Saloon
Badges
Playlists
Quests
Create
Leaderboards
Showdown
Live 5
Trivia Bingo
Activity
Puzzle Library
Sporcle Events
Private Events
Virtual Trivia
Globe League
Become a Host
Pub Owners
SporcleCon
Opinionation
Our Games
Videos
Blog
Mobile Apps
Partnerships
Remove Ads and Go Orange
Feedback
Sports
Athletes
MLB
NBA
NHL
NFL
Soccer
Sports Teams
WWE
NCAA
Football
Premier League
Basketball
Baseball
Hockey
Golf
Tennis
Cricket
Rugby
Auto Racing
Olympics
World Cup
Sports
Athletes
MLB
NBA
NHL
NFL
Soccer
Sports Teams
WWE
NCAA
Football
Premier League
Basketball
Baseball
Hockey
Golf
Tennis
Cricket
Rugby
Auto Racing
Olympics
World Cup
Random Quiz
Search Sporcle
×
Quiz Lab
Quiz Lab
Sports
NCAA
Type in answers that appear in a list
Type in answers that appear in a list
Classic
Best Score? Go Orange.
NCAA Power Conference Teams - All Time Leading Rusher Stats
Can you name the all-time leading rusher of these power conference teams?
By
bhall3944
13m
65 Questions
130 Plays
130 Plays
130 Plays
Comments
Comments
Give Quiz Kudos
Give Quiz Kudos
-
- Ratings
hide this ad
Replay
Link that replays current quiz
Next Quiz
Link to next quiz in quiz playlist
You Got
0%
They Got
Avg Score
38%
Avg Friend Score
Upgrade to see
Score Distribution
Jump to the score distribution portion of the page
Score
0/65
Timer
13:00
0
Plays Today
School
Player
% Correct
Texas (1995-
98)
Ricky Williams
83.1%
Wisconsin (1996-
99)
Ron Dayne
82.3%
Auburn (1982-
85)
Bo Jackson
79.2%
Connecticut (2006-
08)
Donald Brown
77.7%
North Carolina State (1975-
78)
Ted Brown
76.9%
Missouri (2002-
05)
Brad Smith
76.9%
Ohio State (1972-
75)
Archie Griffin
71.5%
Rutgers (2005-
2007)
Ray Rice
71.5%
Georgia (1980-
82)
Herschel Walker
71.5%
Oklahoma State (1984-
87)
Thurman Thomas
70.8%
Pittsburgh (1973-
76)
Tony Dorsett
68.5%
Virginia (1996-
99)
Thomas Jones
67.7%
Arkansas (2005-
07)
Darren McFadden
66.9%
Michigan State (1984-
87)
Lorenzo White
65.4%
California (1990-
92)
Russell White
65.4%
USC (1976-
79)
Charles White
65.4%
Florida State (1993-
96)
Warrick Dunn
65.4%
Michigan (2004-
07)
Mike Hart
64.6%
Iowa State (1994-
96)
Troy Davis
56.9%
Kansas State (2001-
04)
Darren Sproles
54.6%
South Carolina (1977-
80)
George Rogers
53.8%
Nebraska (1981-
83)
Mike Rozier
53.1%
Oklahoma (1975-
79)
Billy Sims
53.1%
Northwestern (1998-
01)
Damien Anderson
50.8%
Miami-
FL (1976-
79)
Ottis Anderson
50.8%
Indiana (1986-
89)
Anthony Thompson
49.2%
Minnesota (1986-
89)
Darrell Thompson
49.2%
Texas A&M (1987-
90)
Darren Lewis
49.2%
Oregon State (2008-
10)
Jacquizz Rodgers
46.9%
Alabama (1996-
99)
Shaun Alexander
42.3%
Mississippi (1997-
00)
Deuce McAllister
40.8%
Arizona State (1971-
73)
Woody Green
37.7%
UCLA (1984-
87)
Gaston Green
37.7%
School
Player
% Correct
Florida (1990-
93)
Errict Rhett
36.9%
Cincinnati (1983-
86)
Reggie Taylor
36.2%
LSU (1995-
98)
Kevin Faulk
36.2%
Tennessee (1997-
00)
Travis Henry
34.6%
Penn State (2007-
10)
Evan Royster
32.3%
Texas Tech (1994-
96)
Byron Hanspard
29.2%
Washington (1991-
94)
Napoleon Kaufman
26.9%
Purdue (1992-
95)
Mike Alstott
24.6%
Syracuse (1978-
81)
Joe Morris
20.8%
Mississippi State (2006-
09)
Anthony Dixon
20%
Arizona (2002-
05)
Mike Bell
18.5%
Colorado (1987-
90)
Eric Bieniemy
16.9%
Maryland (1997-
00)
LaMont Jordan
16.2%
Illinois (1994-
97)
Robert Holcombe
13.8%
South Florida (2004-
2005)
Andre Hall
13.8%
Georgia Tech (2005-
07)
Tashard Choice
13.1%
Iowa (1993-
96)
Sedrick Shaw
11.5%
Stanford (1977-
81)
Darrin Nelson
10%
West Virginia (1999-
02)
Avon Cobourne
10%
Kentucky (1972-
75)
Sonny Collins
10%
Washington State (1982-
85)
Rueben Mayes
9.2%
Clemson (1994-
97)
Raymond Priester
7.7%
North Carolina (1977-
80)
Amos Lawrence
6.2%
Virginia Tech (1979-
82)
Cyrus Lawrence
6.2%
Baylor (1978-
81)
Walter Abercrombie
5.4%
Wake Forest (2002-
05)
Chris Barclay
4.6%
Kansas (1993-
96)
June Henley
4.6%
Boston College (1983-
86)
Troy Stradford
3.8%
Louisville (1972-
75)
Walter Peacock
3.1%
Duke (2000-
03)
Chris Douglas
3.1%
Oregon (1986-
89)
Derek Loville
2.3%
Vanderbilt (1976-
79)
Frank Mordica
2.3%
Quiz Playlist
Details
Report
Send in Message
Add To Playlist
Classic:
Type in answers that appear in a list
Last Updated: Feb 16, 2017
Quiz Scoreboard
CHALLENGE
Sign Up to Join the Scoreboard
Show All
Scores
Hide
Comments
May contain spoilers
Recently Published
Decade Duel: World Leaders
by jenniferyan
History
4m
Alphabetical 'K' Countries by Flag Minefield
by ylime102
Geography
3m
Pick 6: Fruits
by JohnFran
Miscellaneous
15s
More to Explore
Quiz From the Vault
Featured Blog Post
15 Basketball Trivia Facts You Can Be March Mad About
hide this ad
You Might Also Like...
Tags
NCAA Quiz
Conference
Leading
Player
Power
Rusher
Rushing
school
team
Yard
Today's Top Quizzes in Sports
Browse Sports
hide this ad
Today's Top Quizzes in NCAA
Browse NCAA
Top Contributed Quizzes in Sports
1
Les joueurs à 100 buts en Ligue 1 Uber Eats
2
2022 World Cup Stars
3
Pick 6: NFL Teams
4
MLB 2 truths and a lie: Hall of Fame pitchers
5
Pick 6: Minor League Baseball
6
Millionaire: NBA Finals Edition
7
Pick 6: Olympics
8
Click the 1998 NBA Draft
9
Criteria MLB: Left Handed Sluggers
10
NBA Logic Puzzle 2.0
Explore More
Trending Topics
NBA
Marvel
Harry Potter
Crossword
Anime
Disney
Kpop
WWE
Song
Puzzle
Country
The Office
Pokémon
NFL
Soccer
hide this ad
More By:
bhall3944
Quiz
Plays
Rating
Category
Featured
Created
US Open Top Finishers, '00s & '10s
27,336
4.08
Sports
Jun 16, 2011
Masters Top-5 1990-2010
862
4.50
Sports
Mar 30, 2011
Top 100 Golfers of All-Time
704
4.00
Sports
Feb 25, 2019
British Open Top-5 Finishers 1981 - 2010
701
4.75
Sports
Jul 13, 2011
Top 100 QBs Since the Merger
523
4.38
Sports
Nov 24, 2014
Go to Creator's Profile
Score Distribution
Quiz Creator Spotlight
bhall3944
Follow
Send a Message
Quizzes Created
-
Created Quiz Play Count
-
More By This Creator
Popular Quizzes Today
1
Countries of Asia Without Outlines Minefield
2
Find the US States - No Outlines Minefield
3
Pick 6: Fruits
4
The Countries of the World
5
Alphabetical 'K' Countries by Flag Minefield
6
Find the Countries of Europe - No Outlines Minefield
7
US States
8
Find the US States
More Sports Quizzes
Obscure Knowledge - MLB 500 Home Run Club
Published
Trending Quizzes
Pick 6: Mountains
Pick 6: Harry Potter
Pick 6: Flags
Pick 6: NFL Teams
Pick 6: Movie Franchises
Recently Updated
Adaptations: Name the Title
pecheneg
NWSL Teams
pecheneg
Women's Final Four Teams by Year
bhenderson79
Presidents Quartet II
eogle
Anything But Clue(do)
eogle
Anything But Oceanian Capitals
eogle
Anything But 7
eogle
Anything But Thing
eogle
Word Ladder: February 29
pecheneg
Song Title Questions
pecheneg
Trending Topics
Disney
Harry Potter
Anime
NBA
Kpop
Marvel
Crossword
Puzzle
Soccer
Song
Country
Pokémon
The Office
WWE
NFL
Your Account Isn't Verified!
In order to create a playlist on Sporcle, you need to verify the email address you used during registration. Go to your
Sporcle Settings
to finish the process.
Report this User
Report this user for behavior that violates our
Community Guidelines
.
Details:
Send Report
Go to the Sporcle.com Mobile Site →
Comments